Score 0/30 Timer 05:00
0 Plays Today
Hint Five Letter Answer % Correct
Fluffy barnyard animalSHEEP
94%
Halloween trick alternativeTREAT
93.8%
'____'_ all, folks,' -- P. Pig●THAT'S●
89.9%
How an infant expresses displeasureCRIES
89.8%
Baby bird soundCHEEP
89.2%
What ignoring a computer might make it do●SLEEP●
88.4%
Often follows a Meet'n'GREET
87.5%
Gatsby descriptor●GREAT●
87.4%
French cheesesBRIES
87.2%
To move stealthilyCREEP
85.7%
Angels sometimes fear to do thisTREAD
85.7%
It might happen on a Midsummer's Night●DREAM●
85%
One lock of a Rastafarian's hairDREAD
84.7%
Conversations had by firesidesCHATS
84.2%
A set of fundamental beliefsCREED
81.6%
Hint Five Letter Answer % Correct
New Orleans Saints QB DrewBREES
81.1%
What a break-up might produceTEARS
80.9%
Shylock may be unfairly accused of thisGREED
80%
Udder protuberancesTEATS
79.2%
To produce offspringBREED
78.8%
One-time partner of RoebuckSEARS
77.2%
Moolah, dough, shekelsBREAD
75.2%
Charlie and JackieCHANS
71.3%
1992 NLCS hero, Atlanta Brave Sid _____BREAM
69.2%
Illusionist AngelCRISS
69%
Posh, Baby, Sporty, Ginger, and _____●SCARY●
69%
Lacking in dignity and charmCRASS
65.4%
Chicks may dig theseSCARS
64.3%
Capulet and Montague, for exampleCLANS
64.1%
Exemplifies dignity and charmCLASS
60.6%

Today's Daily Dose

Remove Ads.
Support Sporcle.
Get the best of Sporcle when you Go Orange. This ad-free experience offers more features, more stats, and more fun while also helping to support Sporcle. Thank you for becoming a member.

You're not logged in!

Compare scores with friends on all Sporcle quizzes.
OR
Log In

Show Comments

Extras

Top Quizzes Today


Score Distribution

Your Account Isn't Verified!

In order to create a playlist on Sporcle, you need to verify the email address you used during registration. Go to your Sporcle Settings to finish the process.

Report this User

Report this user for behavior that violates our Community Guidelines.

Details: